00496nam a2200157Ia 4500008004100000020001400041082001400055100002500069245007000094250000700164260004500171300002600216500001900242600002700261650005000288240925s9999 xx 000 0 und d a137822693 a006.3 STA aStaugaard, Andrew C. 0aRobotics and AI: an interoduction to applied machine intelligence aNA aNew Jersey:bPrintice- Hall Int.c,1987. ax,339p.bNAfOriginal aIncludes Index aEngineering Technology aComputer science, information & general works